| 000 | 01254cam a2200337 a 4500 | ||
|---|---|---|---|
| 005 | 20260322212014.0 | ||
| 008 | data | ||
| 010 | _a 2002020857 | ||
| 020 | _a0425187012 (pbk.) | ||
| 020 | _a9780425187012 (pbk.) | ||
| 040 |
_aDLC _cDLC _dDLC |
||
| 043 | _ae-uk--- | ||
| 050 | 0 | 0 |
_aPR6068.O93 _bZ59 2002 |
| 082 | 0 | 0 |
_a823/.914 _221 |
| 099 | _aCOLBED | ||
| 100 | 1 | _aColbert, David. | |
| 245 | 1 | 4 |
_aThe magical worlds of Harry Potter : _ba treasury of myths, legends, and fascinating facts / _cDavid Colbert. |
| 250 | _aBerkley trade pbk. ed. | ||
| 260 |
_aNew York : _bBerkley Books, _c2002. |
||
| 300 |
_axi, 209 p. : _bill. ; _c22 cm. |
||
| 504 | _aIncludes bibliographical references and index. | ||
| 600 | 1 | 0 |
_aRowling, J. K. _xHarry Potter. _xHarry Potter. |
| 650 | 0 |
_aChildren's stories, English _xHistory and criticism. |
|
| 650 | 0 |
_aFantasy fiction, English _xHistory and criticism. |
|
| 650 | 0 | _aPotter, Harry (Fictitious character) | |
| 650 | 0 | _aWizards in literature. | |
| 650 | 0 | _aMagic in literature. | |
| 856 | 4 | 2 |
_3Contributor biographical information _uhttp://www.loc.gov/catdir/enhancements/fy0717/2002020857-b.html |
| 856 | 4 | 2 |
_3Publisher description _uhttp://www.loc.gov/catdir/enhancements/fy0717/2002020857-d.html |
| 001 | data | ||
| 999 |
_c297 _d297 |
||